01255nam a22003017a 4500001001300000003000900013005001700022007000300039008003400042040005400076041001000130072001400140090002200154100002600176110014300202245018400345260004200529300001000571500007000581650001000651650002400661650003100685650001900716909003600735942000700771999001700778952015800795BR2013007899BR-BrBNA20230928104257.0ta230509b bl.||||| |||| 00| 0 por d aBR-BrBNAbporcBiblioteca Nacional de Agricultura a(Por) aQ04b9410  9410 BR20130078991 aOliveira, M.C.P.P. de1 aUniversidade Federal de Minas Gerais, Belo Horizonte, MG (Brasil). Escola de Veterinária0Tese (Mestre em Medicina Veterinária)9108681 aEspectrofotometria no infravermelho por metodologia FTIR (Fourier Transform Infrared): validação da análise do teor de uréia e de outros pârametros de qualidade do leite3 aBelo Horizonte, MG (Brasil): c2011.  a70 p. aBibliography p. 58-69; Summaries (Eng, Por); 15 illus.; 19 tables aLEITE aANÁLISE QUÍMICA aCOMPOSIÇÃO DE ALIMENTO aESPECTROMETRIA a202309bLuciac55dLucia Elande cBK c79047d79047 002AGRIS40708AGROBASEa41918b41918l0o 9410 BR2013007899p9410 BR2013007899r2023-09-25t01yBK10d2023-09-25ePortaria Interministerial nº 164/94